000 00428nam a2200157Ia 4500
003 GCL
005 20240530105328.0
008 140319s9999 xx 000 0 ara d
040 _aGCL /
_cGCL
082 0 4 _a810.9
_bم ش
100 0 _aمحمد حسين هيكل
245 1 2 _aالشرق الجديد /
_cمحمد حسين هيكل
260 _a[S.N] :
_bدار المعارف ،
_c1990
300 _a263 ص
942 _2ddc
_cBK
999 _c54977
_d54977